[Event "Tromsoe Sept op"]
[Site "Tromsoe"]
[Date "2023.09.01"]
[Round "1"]
[White "Valvag, Torbjorn"]
[Black "Remman, Frank"]
[Result "1/2-1/2"]
[WhiteElo "2003"]
[BlackElo "1770"]
[PlyCount "78"]
[EventDate "2023.09.01"]
[EventType "swiss"]
[EventRounds "5"]
[EventCountry "NOR"]
[SourceTitle "EXT 2024"]
[Source "ChessBase"]
[SourceDate "2023.10.10"]
[SourceVersion "1"]
[SourceVersionDate "2023.10.10"]
[SourceQuality "1"]

1. d4 Nf6 2. Bf4 b6 3. e3 Bb7 4. h3 e6 5. Nf3 Be7 6. c3 0-0 7. Bd3 d5 8. Nbd2 Nbd7 9. Qe2 c5 10. Ne5 Nxe5 11. Bxe5 Bd6 12. Bxd6 Qxd6 13. f4 Ne4 14. Qf3 f5 15. Rd1 Kh8 16. 0-0 a5 17. Bb5 a4 18. Nxe4 fxe4 19. Qh5 c4 20. Qe5 Qxe5 21. fxe5 Kg8 22. Bd7 Bc8 23. Bxc8 Raxc8 24. Rxf8+ Rxf8 25. Rf1 Rxf1+ 26. Kxf1 Kf7 27. Ke2 Ke7 28. Kd2 Kd7 29. Kc2 Kc6 30. a3 Kd7 31. Kd2 Ke7 32. Ke2 Kf7 33. Kf2 Kg6 34. g3 Kg5 35. Kg2 h5 36. Kf2 Kf5 37. Kg2 g6 38. Kf2 g5 39. Kg2 Kg6 1/2-1/2

[Event "NOR-ch North Mester"]
[Site "Alta"]
[Date "2022.06.03"]
[Round "5"]
[White "Burchard, Ingar Berg"]
[Black "Remman, Frank"]
[Result "1-0"]
[WhiteElo "1671"]
[BlackElo "1847"]
[PlyCount "73"]
[EventDate "2022.06.03"]
[EventType "swiss"]
[EventRounds "6"]
[EventCountry "NOR"]
[SourceTitle "CBM 208 Extra"]
[Source "ChessBase"]
[SourceDate "2022.07.31"]
[SourceVersion "1"]
[SourceVersionDate "2022.07.31"]
[SourceQuality "1"]

1. e4 c5 2. d4 cxd4 3. Nf3 e6 4. Nxd4 Nc6 5. Be3 Qc7 6. c3 Nf6 7. Nd2 d5 8. exd5 Nxd5 9. Nxc6 Nxe3 10. fxe3 bxc6 11. Qc2 Bc5 12. e4 0-0 13. 0-0-0 e5 14. Bc4 a5 15. Nf3 Kh8 16. Qe2 f5 17. Nh4 g6 18. exf5 gxf5 19. Qh5 Qg7 20. Rhe1 Be7 21. Nf3 e4 22. Nd4 Qf6 23. Kb1 a4 24. Re3 Ra7 25. Rf1 c5 26. Nb5 Rb7 27. Rxe4 Qc6 28. Ree1 Bf6 29. Qf3 Qb6 30. Rf2 Bd7 31. Na3 Bg7 32. Bd5 Rbb8 33. Re7 Be8 34. Rfe2 Bg6 35. R7e6 Qd8 36. Rxg6 Bxc3 37. Qxc3+ 1-0

[Event "Tromsoe Sept op"]
[Site "Tromsoe"]
[Date "2021.09.03"]
[Round "5"]
[White "Remman, Frank"]
[Black "Royset, Pal"]
[Result "0-1"]
[WhiteElo "1869"]
[BlackElo "2178"]
[PlyCount "100"]
[EventDate "2021.09.03"]
[EventType "swiss"]
[EventRounds "5"]
[EventCountry "NOR"]
[SourceTitle "EXT 2022"]
[Source "ChessBase"]
[SourceDate "2021.10.06"]
[SourceVersion "1"]
[SourceVersionDate "2021.10.06"]
[SourceQuality "1"]

1. d4 c5 2. c3 Nf6 3. Nf3 e6 4. Bg5 Nc6 5. e3 d5 6. Nbd2 cxd4 7. exd4 Bd6 8. Bd3 Qc7 9. Qe2 Bd7 10. 0-0 Ng4 11. h3 h6 12. Bh4 h5 13. Rfe1 Bh2+ 14. Kh1 Bf4 15. Nf1 Kf8 16. Bg3 Re8 17. Kg1 Nf6 18. Ne5 Bxg3 19. Nxg3 h4 20. Nf1 Nxe5 21. dxe5 Ng8 22. Nh2 Ne7 23. Rad1 Nc6 24. f4 Qb6+ 25. Kh1 a6 26. Nf3 g6 27. Rd2 Kg7 28. Ng5 Ne7 29. Qg4 Bb5 30. Bb1 Nf5 31. Bxf5 exf5 32. Qd1 Bc6 33. Qc1 Re7 34. Rde2 d4 35. Rd2 Rd8 36. Red1 d3 37. Rxd3 Qf2 38. Nf3 Rxd3 39. Rxd3 Qg3 40. Qd2 Be4 41. Rd6 Bxf3 42. gxf3 Qxf3+ 43. Kg1 Qg3+ 44. Kf1 Qxh3+ 45. Kg1 Qg3+ 46. Kh1 g5 47. Rf6 gxf4 48. Rd6 Rxe5 49. Qd4 f3 50. Rg6+ Kxg6 0-1

[Event "Narvik Rallarsjakken A"]
[Site "Narvik"]
[Date "2014.04.04"]
[Round "2"]
[White "Rafnung, Skjalg"]
[Black "Remman, Frank"]
[Result "1-0"]
[WhiteElo "1861"]
[BlackElo "1922"]
[PlyCount "55"]
[EventDate "2014.04.04"]
[EventType "swiss"]
[EventRounds "5"]
[EventCountry "NOR"]
[SourceTitle "EXT 2024"]
[Source "ChessBase"]
[SourceDate "2023.10.10"]
[SourceVersion "1"]
[SourceVersionDate "2023.10.10"]
[SourceQuality "1"]

1. e4 c5 2. Nc3 Nc6 3. f4 g6 4. Nf3 Bg7 5. Bc4 e6 6. d3 Nge7 7. e5 Nf5 8. Ne4 d5 9. exd6 Nxd6 10. Nxd6+ Qxd6 11. c3 0-0 12. 0-0 Rd8 13. Qe2 Na5 14. Be3 Bd7 15. Rad1 Rac8 16. Ng5 a6 17. f5 gxf5 18. Qh5 Be8 19. Qxh7+ Kf8 20. Qh4 Rd7 21. Nh7+ Kg8 22. Bg5 Rdc7 23. Nf6+ Kf8 24. Nh5 f6 25. Nxg7 Rxg7 26. Bh6 e5 27. Rxf5 Rc6 28. Rdf1 1-0

[Event "Tromsoe NGP op"]
[Site "Tromsoe"]
[Date "2013.11.22"]
[Round "1"]
[White "Remman, Frank"]
[Black "Pedersen, Johnny Karl"]
[Result "1-0"]
[WhiteElo "1905"]
[BlackElo "1616"]
[PlyCount "103"]
[EventDate "2013.11.22"]
[EventType "swiss"]
[EventRounds "5"]
[EventCountry "NOR"]
[SourceTitle "CBM 157 Extra"]
[Source "ChessBase"]
[SourceDate "2013.12.19"]
[SourceVersion "1"]
[SourceVersionDate "2013.12.19"]
[SourceQuality "1"]

1. d4 e6 2. g3 c6 3. Bg2 d5 4. Nf3 Bd6 5. 0-0 Ne7 6. c4 Nd7 7. Nbd2 0-0 8. e4 Bc7 9. b3 dxe4 10. Nxe4 e5 11. Bb2 exd4 12. Qxd4 Nf5 13. Qc3 f6 14. Rad1 Qe7 15. Rfe1 Ne5 16. Neg5 Nxf3+ 17. Nxf3 Qf7 18. g4 Nh6 19. h3 Kh8 20. Re2 Nxg4 21. hxg4 Bxg4 22. Rde1 Qg6 23. Re4 Qh5 24. Bc1 Rad8 25. Bf4 Bxf4 26. Rxf4 Bf5 27. Qa5 Bg4 28. Qxh5 Bxh5 29. Rfe4 Rd3 30. R4e3 Rd7 31. Re7 Rd3 32. Nh2 Rb8 33. Nf1 Rdd8 34. Ng3 Bg6 35. Be4 Bxe4 36. Nxe4 h6 37. Nc5 b6 38. Ne6 Rg8 39. Rd1 Rbe8 40. Rdd7 Rxe7 41. Rxe7 a5 42. Rb7 b5 43. cxb5 cxb5 44. Rxb5 Re8 45. Nc5 Ra8 46. a4 Ra7 47. Nb7 g5 48. Nxa5 h5 49. Rb8+ Kg7 50. Rb7+ Rxb7 51. Nxb7 Kf8 52. a5 1-0

[Event "Tromsoe NGP op"]
[Site "Tromsoe"]
[Date "2013.11.22"]
[Round "3"]
[White "Remman, Frank"]
[Black "Skagseth, Havard M"]
[Result "1/2-1/2"]
[WhiteElo "1905"]
[BlackElo "1936"]
[PlyCount "68"]
[EventDate "2013.11.22"]
[EventType "swiss"]
[EventRounds "5"]
[EventCountry "NOR"]
[SourceTitle "CBM 157 Extra"]
[Source "ChessBase"]
[SourceDate "2013.12.19"]
[SourceVersion "1"]
[SourceVersionDate "2013.12.19"]
[SourceQuality "1"]

1. d4 d5 2. c4 dxc4 3. e3 Nf6 4. Bxc4 e6 5. Nf3 c5 6. 0-0 a6 7. a4 Nc6 8. Nc3 Be7 9. b3 0-0 10. Ba3 cxd4 11. Bxe7 Qxe7 12. Nxd4 Nxd4 13. Qxd4 Rd8 14. Qe5 Bd7 15. Qc7 Rab8 16. Rfd1 Rdc8 17. Qb6 Bc6 18. Rd4 Qc7 19. Qxc7 Rxc7 20. a5 Kf8 21. f3 Ke7 22. Ne2 Rd8 23. Rad1 Rcd7 24. Kf2 Bd5 25. Bxd5 Rxd5 26. e4 Rxd4 27. Rxd4 Rxd4 28. Nxd4 Kd6 29. b4 Nd7 30. Nb3 Kc6 31. Nd4+ Kd6 32. Ke3 Ne5 33. Kd2 Nc6 34. Nc2 f6 1/2-1/2

[Event "Tromsoe CC-ch"]
[Site "Tromsoe"]
[Date "2013.10.17"]
[Round "4"]
[White "Jessen, Simon Pind"]
[Black "Remman, Frank"]
[Result "1-0"]
[WhiteElo "1958"]
[BlackElo "1770"]
[PlyCount "87"]
[EventDate "2013.09.19"]
[EventType "swiss"]
[EventRounds "9"]
[EventCountry "NOR"]
[SourceTitle "EXT 2024"]
[Source "ChessBase"]
[SourceDate "2023.10.10"]
[SourceVersion "1"]
[SourceVersionDate "2023.10.10"]
[SourceQuality "1"]

1. d4 Nf6 2. c4 e6 3. Nc3 Bb4 4. Qc2 c5 5. dxc5 Nc6 6. Nf3 Bxc5 7. Bg5 Qb6 8. e3 Ng4 9. a3 a5 10. Be2 h6 11. Bh4 g5 12. Na4 Qa7 13. Qc3 Rg8 14. Bg3 Be7 15. Nd4 Nxd4 16. Bxg4 Nc6 17. c5 Bd8 18. Bd6 Ne7 19. Qd3 Nd5 20. Bf3 Nf6 21. Qd4 g4 22. Be2 b5 23. Nb6 Qb7 24. Nxa8 Qxg2 25. 0-0-0 Qxa8 26. Bxb5 Bb7 27. Be5 Nd5 28. e4 Bg5+ 29. Kb1 Nc3+ 30. Qxc3 Bxe4+ 31. Ka1 Bxh1 32. Bxd7+ Kf8 33. c6 Bxc6 34. Bxc6 Qa7 35. Bd4 Qc7 36. Bf6 Bxf6 37. Qxf6 Qxc6 38. Rd8+ Qe8 39. Qxh6+ Ke7 40. Rxe8+ Kxe8 41. Qh5 Ke7 42. Qxa5 Rg6 43. Qc7+ Kf6 44. a4 1-0

[Event "Tromsoe GP"]
[Site "Tromsoe"]
[Date "2012.03.23"]
[Round "4"]
[White "Leukkunen, Raimo"]
[Black "Remman, Frank"]
[Result "0-1"]
[WhiteElo "1891"]
[BlackElo "1924"]
[PlyCount "94"]
[EventDate "2012.03.23"]
[EventType "swiss"]
[EventRounds "5"]
[EventCountry "NOR"]
[SourceTitle "EXT 2024"]
[Source "ChessBase"]
[SourceDate "2023.10.10"]
[SourceVersion "1"]
[SourceVersionDate "2023.10.10"]
[SourceQuality "1"]

1. f4 f5 2. Nf3 Nf6 3. b3 g6 4. Bb2 Bg7 5. e3 b6 6. Be2 Bb7 7. 0-0 c5 8. c4 0-0 9. Qc2 Qe8 10. Nc3 Nc6 11. a3 d6 12. Rae1 e5 13. Ng5 Rd8 14. Nd5 Rd7 15. Bf3 e4 16. Be2 h6 17. Nh3 Qe6 18. Nf2 Nd8 19. Nxf6+ Bxf6 20. Kh1 Kh7 21. Rg1 g5 22. h3 gxf4 23. exf4 Bh4 24. Ref1 Bg3 25. Nd1 Qe7 26. Ne3 Ne6 27. Qc3 Nd4 28. Bd1 Qh4 29. Nd5 Bxd5 30. cxd5 Bxf4 31. g4 Be5 32. Qe3 Rdf7 33. gxf5 Rxf5 34. Rxf5 Nxf5 35. Bxe5 dxe5 36. Qe2 Qxh3+ 37. Qh2 Qxh2+ 38. Kxh2 Nd4 39. Rg2 Rd8 40. Bh5 Nf3+ 41. Kh1 Ng5 42. Rxg5 hxg5 43. Bf7 Kg7 44. Be6 Rd6 45. Kg2 Rxe6 46. dxe6 Kf6 47. Kg3 Kxe6 0-1

[Event "Tromsoe GP"]
[Site "Tromsoe"]
[Date "2012.03.23"]
[Round "3"]
[White "Remman, Frank"]
[Black "Machlik, Jon"]
[Result "1/2-1/2"]
[WhiteElo "1924"]
[BlackElo "1635"]
[PlyCount "62"]
[EventDate "2012.03.23"]
[EventType "swiss"]
[EventRounds "5"]
[EventCountry "NOR"]
[SourceTitle "EXT 2024"]
[Source "ChessBase"]
[SourceDate "2023.10.10"]
[SourceVersion "1"]
[SourceVersionDate "2023.10.10"]
[SourceQuality "1"]

1. d4 f5 2. g3 Nf6 3. Bg2 g6 4. c4 Bg7 5. Nf3 0-0 6. Nc3 d6 7. 0-0 Qe8 8. d5 e5 9. dxe6 Bxe6 10. Nd4 c6 11. b3 Nbd7 12. Ba3 Nc5 13. Rc1 Rd8 14. Qc2 Qe7 15. Rfd1 Ng4 16. h3 Ne5 17. f4 Ned7 18. b4 Bxc4 19. e4 Ne6 20. Nf3 Nb6 21. exf5 Rxf5 22. Re1 Qf7 23. Nd2 Nd4 24. Qb1 d5 25. b5 Rd7 26. bxc6 bxc6 27. Nxc4 Nxc4 28. Qb8+ Bf8 29. Bxf8 Rb7 30. Qd8 Rd7 31. Qb8 Rb7 1/2-1/2

[Event "Tromsoe GP"]
[Site "Tromsoe"]
[Date "2012.03.23"]
[Round "5"]
[White "Remman, Frank"]
[Black "Machlik, Monika"]
[Result "1-0"]
[WhiteElo "1924"]
[BlackElo "1648"]
[PlyCount "67"]
[EventDate "2012.03.23"]
[EventType "swiss"]
[EventRounds "5"]
[EventCountry "NOR"]
[SourceTitle "EXT 2024"]
[Source "ChessBase"]
[SourceDate "2023.10.10"]
[SourceVersion "1"]
[SourceVersionDate "2023.10.10"]
[SourceQuality "1"]

1. d4 Nf6 2. c4 e6 3. Nc3 Bb4 4. f3 Bxc3+ 5. bxc3 d5 6. Bg5 h6 7. Bh4 Nbd7 8. e3 0-0 9. Bd3 b6 10. Nh3 Bb7 11. 0-0 c5 12. Qd2 Rc8 13. cxd5 exd5 14. Nf2 Re8 15. Bf5 g5 16. Bg3 Qe7 17. Rfe1 Nh5 18. Ng4 Kg7 19. Ne5 Bc6 20. Nxc6 Rxc6 21. Bf2 Nhf6 22. e4 dxe4 23. fxe4 cxd4 24. cxd4 Rec8 25. e5 Nd5 26. Be4 Qe6 27. h4 gxh4 28. Bxh4 Rc3 29. Qf2 Ne7 30. Rf1 Rf8 31. Bf6+ Kg8 32. Qh4 Ng6 33. Qxh6 Nxf6 34. exf6 1-0

[Event "Tromsoe GP"]
[Site "Tromsoe"]
[Date "2012.03.23"]
[Round "1"]
[White "Skagseth, Havard M"]
[Black "Remman, Frank"]
[Result "1/2-1/2"]
[WhiteElo "1774"]
[BlackElo "1924"]
[PlyCount "119"]
[EventDate "2012.03.23"]
[EventType "swiss"]
[EventRounds "5"]
[EventCountry "NOR"]
[SourceTitle "EXT 2024"]
[Source "ChessBase"]
[SourceDate "2023.10.10"]
[SourceVersion "1"]
[SourceVersionDate "2023.10.10"]
[SourceQuality "1"]

1. e4 c5 2. Nf3 Nc6 3. d4 cxd4 4. Nxd4 Qb6 5. Nb3 Nf6 6. Nc3 e6 7. Be3 Qc7 8. f3 Be7 9. Qd2 a6 10. g4 d6 11. 0-0-0 b5 12. g5 Nd7 13. f4 Bb7 14. Bd3 0-0-0 15. Qf2 Nb4 16. Kb1 Kb8 17. Rhe1 Rc8 18. Rc1 Nc5 19. Red1 Ka8 20. a3 Nbxd3 21. cxd3 Nxb3 22. Nd5 Qxc1+ 23. Rxc1 exd5 24. Rxc8+ Rxc8 25. Ka2 Nc5 26. Bxc5 dxc5 27. e5 d4 28. h4 Rd8 29. b3 Bd5 30. Kb2 f6 31. exf6 gxf6 32. Qe2 Bd6 33. gxf6 Rf8 34. Qh5 Bg8 35. f5 Kb7 36. Qh6 Kc6 37. Qg7 a5 38. Qa7 Bc7 39. b4 axb4 40. axb4 cxb4 41. Qxd4 b3 42. Qe4+ Bd5 43. Qe7 Bd6 44. Qxh7 Rxf6 45. h5 Be5+ 46. Kb1 b2 47. Qa7 Rf7 48. Qa6+ Kc5 49. Qa3+ Kb6 50. d4 Be4+ 51. Kxb2 Bxd4+ 52. Kc1 Bc5 53. Qb3 Rf6 54. Qg8 Rc6 55. Qd8+ Rc7 56. Qb8+ Rb7 57. Qd8+ Rc7 58. Qb8+ Rb7 59. Qd8+ Ka7 60. Qa5+ 1/2-1/2

[Event "Tromsoe Bymesterskap"]
[Site "Tromsoe"]
[Date "2012.01.19"]
[Round "2"]
[White "Joensen, John"]
[Black "Remman, Frank"]
[Result "1-0"]
[WhiteElo "2010"]
[BlackElo "1924"]
[PlyCount "69"]
[EventDate "2012.01.19"]
[EventType "swiss"]
[EventRounds "7"]
[EventCountry "NOR"]
[SourceTitle "EXT 2024"]
[Source "ChessBase"]
[SourceDate "2023.10.10"]
[SourceVersion "1"]
[SourceVersionDate "2023.10.10"]
[SourceQuality "1"]

1. e4 c5 2. Nf3 Nc6 3. d4 cxd4 4. Nxd4 Qb6 5. Nb5 a6 6. Be3 Qa5+ 7. N5c3 Nf6 8. Bd3 e6 9. 0-0 Bc5 10. Re1 0-0 11. Nd2 Bxe3 12. Rxe3 Ne5 13. Qe2 b5 14. Rf1 Bb7 15. Kh1 d5 16. exd5 Nxd3 17. cxd3 Nxd5 18. Nxd5 Bxd5 19. Rh3 g6 20. Ne4 f6 21. Nc3 b4 22. Nxd5 Qxd5 23. Qe4 Qxa2 24. Qb7 h5 25. Rg3 g5 26. f4 g4 27. Re3 Rab8 28. Qc6 Rfe8 29. Rfe1 Rbc8 30. Qe4 Kg7 31. R3e2 Qa5 32. h3 f5 33. Qd4+ Kg8 34. Rxe6 Qb5 35. Rg6+ 1-0

[Event "NOR-ch North"]
[Site "Tromsoe"]
[Date "2011.06.10"]
[Round "6"]
[White "Johnsen, Kjell Magne"]
[Black "Remman, Frank"]
[Result "1/2-1/2"]
[WhiteElo "1926"]
[BlackElo "1853"]
[PlyCount "84"]
[EventDate "2011.06.10"]
[EventType "swiss"]
[EventRounds "6"]
[EventCountry "NOR"]
[SourceTitle "EXT 2023"]
[Source "ChessBase"]
[SourceDate "2022.10.05"]
[SourceVersion "1"]
[SourceVersionDate "2022.10.05"]
[SourceQuality "1"]

1. d4 d5 2. c4 c6 3. Nf3 Nf6 4. Nc3 dxc4 5. a4 Bg4 6. Ne5 Nbd7 7. Nxg4 Nxg4 8. e3 Ngf6 9. Bxc4 e6 10. 0-0 Bb4 11. Qe2 0-0 12. Rd1 a5 13. Bd2 Re8 14. Be1 Nf8 15. Rac1 Qb6 16. Qc2 Rad8 17. Qb3 Qa7 18. f3 Ng6 19. Bf2 Qb8 20. g3 Rd7 21. e4 Red8 22. Na2 Bf8 23. Nc3 Qa7 24. Kg2 Qa8 25. Qb6 Bd6 26. Qb3 Bc7 27. Be3 Qa7 28. Bg5 h6 29. Bxf6 gxf6 30. d5 exd5 31. exd5 Ne5 32. dxc6 Rd2+ 33. Rxd2 Rxd2+ 34. Ne2 bxc6 35. Qc3 Nxc4 36. Qxc4 Qe3 37. Qg4+ Kf8 38. Qc8+ Rd8 39. Qxc7 Qxe2+ 40. Kh3 Rd2 41. Qc8+ Kg7 42. Qg4+ Kf8 1/2-1/2

[Event "NOR-ch Nord"]
[Site "Tromsoe"]
[Date "2010.05.21"]
[Round "2"]
[White "Remman, Frank"]
[Black "Forsaa, Elise"]
[Result "0-1"]
[WhiteElo "1932"]
[BlackElo "1696"]
[PlyCount "110"]
[EventDate "2010.05.21"]
[EventType "swiss"]
[EventRounds "6"]
[EventCountry "NOR"]
[SourceTitle "EXT 2012"]
[Source "ChessBase"]
[SourceDate "2011.11.24"]
[SourceVersion "1"]
[SourceVersionDate "2011.11.24"]
[SourceQuality "1"]

1. d4 d5 2. c4 c6 3. Nf3 Nf6 4. e3 e6 5. Bd3 Nbd7 6. Nbd2 a6 7. b3 dxc4 8. bxc4 c5 9. 0-0 cxd4 10. exd4 b6 11. Qe2 Be7 12. Bb2 0-0 13. Ne5 Bb7 14. f4 Nb8 15. Ndf3 Nc6 16. Rad1 Nb4 17. Bb1 b5 18. a3 Nc6 19. d5 Bc5+ 20. Kh1 exd5 21. cxd5 Ne7 22. Nc6 Bxc6 23. dxc6 Qb6 24. Bxf6 gxf6 25. Qc2 f5 26. Rd7 Ra7 27. Rxe7 Rxe7 28. Qxf5 f6 29. Ba2+ Kh8 30. Ne5 Rg7 31. Nf3 Qxc6 32. Rc1 Rc8 33. Bd5 Qe8 34. Be6 Rc6 35. Bd5 Rcc7 36. Re1 Qd8 37. Be6 Bf2 38. Rf1 Rc6 39. h4 Bc5 40. Bb3 Bxa3 41. Rd1 Qf8 42. Nd4 Rc5 43. Qh3 Qc8 44. Be6 Qa8 45. Nf5 Rg6 46. h5 Rc3 47. Qh2 Rg4 48. Bd5 Qc8 49. Nh6 Rc1 50. Bf3 Rxd1+ 51. Bxd1 Qc1 52. Nxg4 Qxd1+ 53. Qg1 Qxg4 54. Qd4 Qxh5+ 55. Kg1 Bc5 0-1

[Event "NOR-ch Nord"]
[Site "Tromsoe"]
[Date "2010.05.21"]
[Round "5"]
[White "Remman, Frank"]
[Black "Mikalsen, Harald"]
[Result "0-1"]
[WhiteElo "1932"]
[BlackElo "1864"]
[PlyCount "40"]
[EventDate "2010.05.21"]
[EventType "swiss"]
[EventRounds "6"]
[EventCountry "NOR"]
[SourceTitle "EXT 2012"]
[Source "ChessBase"]
[SourceDate "2011.11.24"]
[SourceVersion "1"]
[SourceVersionDate "2011.11.24"]
[SourceQuality "1"]

1. d4 d5 2. c4 e6 3. Nc3 Nf6 4. Nf3 Bb4 5. Qb3 Bxc3+ 6. bxc3 0-0 7. e3 c5 8. Ba3 b6 9. dxc5 bxc5 10. Bxc5 Re8 11. cxd5 Nxd5 12. Ba3 Nc6 13. e4 Qa5 14. exd5 exd5+ 15. Kd1 Rb8 16. Bb4 Nxb4 17. cxb4 Rxb4 18. Qc2 Bd7 19. Rb1 Rxb1+ 20. Qxb1 Ba4+ 0-1

[Event "Vadsosjakken-A"]
[Site "Vadso"]
[Date "2009.08.30"]
[Round "4"]
[White "Hanssen, Gunnar Berg"]
[Black "Remman, Frank"]
[Result "1-0"]
[WhiteElo "2210"]
[BlackElo "1798"]
[PlyCount "105"]
[EventDate "2009.08.28"]
[EventType "swiss"]
[EventRounds "5"]
[EventCountry "NOR"]
[SourceTitle "EXT 2012"]
[Source "ChessBase"]
[SourceDate "2011.11.24"]
[SourceVersion "1"]
[SourceVersionDate "2011.11.24"]
[SourceQuality "1"]

1. d4 d5 2. c4 c6 3. Nf3 Nf6 4. Qc2 g6 5. g3 Bg7 6. Bg2 0-0 7. 0-0 e6 8. Nbd2 Nbd7 9. b3 Re8 10. Bb2 b6 11. Rfd1 Bb7 12. e4 Nxe4 13. Nxe4 dxe4 14. Qxe4 Qc7 15. Ne5 Nxe5 16. dxe5 Red8 17. b4 Rab8 18. Rxd8+ Qxd8 19. Qe2 Qe7 20. a3 c5 21. Bxb7 Rxb7 22. Rd1 Rd7 23. Rxd7 Qxd7 24. bxc5 bxc5 25. f3 Bf8 26. Kf2 Be7 27. Ke3 Kf8 28. Qd3 Qxd3+ 29. Kxd3 Ke8 30. Bc1 Kd7 31. f4 Bf8 32. g4 Be7 33. Ke4 Ke8 34. f5 Kd7 35. f6 Bf8 36. g5 Kc6 37. Kd3 Kb6 38. Kc3 Ka6 39. Kb3 Kb6 40. Ka4 Ka6 41. Bd2 Kb6 42. Ba5+ Kc6 43. Bd8 Kd7 44. Be7 Bxe7 45. fxe7 Kxe7 46. Kb5 Kd7 47. Kxc5 Kc7 48. a4 Kd7 49. a5 Kc7 50. a6 Kd7 51. Kb5 Kc7 52. c5 Kd7 53. c6+ 1-0